Simulationsrechnungen zu den Auswirkungen einer Kürzung von Transferleistungen für die neuen Bundesländer (Record no. 5666)
[ view plain ]
| 000 -LEADER | |
|---|---|
| fixed length control field | 00594nam a22002057i 4500 |
| 001 - CONTROL NUMBER | |
| control field | 5977 |
| 003 - CONTROL NUMBER IDENTIFIER | |
| control field | OSt |
| 005 - DATE AND TIME OF LATEST TRANSACTION | |
| control field | 20181119124230.0 |
| 007 - PHYSICAL DESCRIPTION FIXED FIELD--GENERAL INFORMATION | |
| fixed length control field | tu |
| 008 - FIXED-LENGTH DATA ELEMENTS--GENERAL INFORMATION | |
| fixed length control field | 161220s2000 xxu||||| |||| 00| 0 d |
| 020 ## - INTERNATIONAL STANDARD BOOK NUMBER | |
| International Standard Book Number | 3930963574 |
| 024 7# - OTHER STANDARD IDENTIFIER | |
| Standard number or code | 5977 |
| Source of number or code | RID |
| 024 7# - OTHER STANDARD IDENTIFIER | |
| Standard number or code | 5977 |
| Source of number or code | RSN (alt) |
| 040 ## - CATALOGING SOURCE | |
| Transcribing agency | OSt |
| 100 1# - MAIN ENTRY--PERSONAL NAME | |
| Personal name | Ragnitz, Joachim |
| 245 00 - TITLE STATEMENT | |
| Title | Simulationsrechnungen zu den Auswirkungen einer Kürzung von Transferleistungen für die neuen Bundesländer |
| 260 ## - PUBLICATION, DISTRIBUTION, ETC. | |
| Place of publication, distribution, etc. | Halle : |
| Name of publisher, distributor, etc. | Institut für Wirtschaftsforschung Halle IWH, |
| Date of publication, distribution, etc. | 2000. |
| 490 ## - SERIES STATEMENT | |
| Series statement | IWH Forschungsreihe - Sonderheft |
| Volume/sequential designation | 2 |
| 942 ## - ADDED ENTRY ELEMENTS (KOHA) | |
| Koha item type | Paper |
| Withdrawn status | Lost status | Damaged status | Not for loan | Home library | Current library | Shelving location | Date acquired | Inventory number | Total Checkouts | Barcode | Date last seen | Price effective from | Koha item type |
|---|---|---|---|---|---|---|---|---|---|---|---|---|---|
| WIIW | WIIW | Library | 08/04/2004 | 5977 | 10001415 | 01/26/2017 | 01/26/2017 | Paper |
